[Event "St Ingbert op"]
[Site "St Ingbert"]
[Date "1988.??.??"]
[Round "3"]
[White "Schuler, Martin"]
[Black "Cremerius, Axel"]
[Result "1-0"]
[WhiteElo "1640"]
[BlackElo "1488"]
[PlyCount "47"]
[EventDate "1988.08.20"]
[EventType "swiss"]
[EventRounds "9"]
[EventCountry "GER"]
[SourceTitle "EXT 2002"]
[Source "ChessBase"]
[SourceDate "2001.11.25"]
[SourceVersion "1"]
[SourceVersionDate "2001.11.25"]
[SourceQuality "1"]

1. d4 d5 2. c4 e6 3. Nc3 Nf6 4. Bg5 Be7 5. e3 0-0 6. Nf3 c6 7. Rc1 Nbd7 8. Bd3 dxc4 9. Bxc4 h6 10. Bh4 Nb6 11. Bd3 Nfd5 12. Bxe7 Qxe7 13. 0-0 Nxc3 14. Rxc3 Nd5 15. Rc1 Bd7 16. e4 Nf6 17. Rc3 Rfd8 18. Bb1 g6 19. Ne5 Kg7 20. f4 Nh7 21. f5 exf5 22. exf5 g5 23. f6+ Nxf6 24. Rcf3 1-0

[Event "St Ingbert op"]
[Site "St Ingbert"]
[Date "1988.??.??"]
[Round "5"]
[White "Schuler, Martin"]
[Black "Ripperger, Reinhold"]
[Result "0-1"]
[WhiteElo "1640"]
[BlackElo "1832"]
[PlyCount "66"]
[EventDate "1988.08.20"]
[EventType "swiss"]
[EventRounds "9"]
[EventCountry "GER"]
[SourceTitle "EXT 2002"]
[Source "ChessBase"]
[SourceDate "2001.11.25"]
[SourceVersion "1"]
[SourceVersionDate "2001.11.25"]
[SourceQuality "1"]

1. d4 Nf6 2. c4 e5 3. dxe5 Ng4 4. Bf4 Nc6 5. Nf3 Bb4+ 6. Nc3 Qe7 7. Qd5 f6 8. exf6 Bxc3+ 9. bxc3 Nxf6 10. Qd2 0-0 11. e3 Ne4 12. Qd5+ Kh8 13. Be5 Nxf2 14. Bxg7+ Qxg7 15. Kxf2 d6 16. Be2 Bg4 17. Rhe1 Ne5 18. Rf1 Rae8 19. Kg1 c6 20. Qd1 Bxf3 21. Bxf3 Nxc4 22. Qe2 Nxe3 23. Rfc1 Nd5 24. Qf2 Nxc3 25. Re1 d5 26. Kh1 b6 27. Qc2 c5 28. Bh5 Re4 29. Bf3 Ref4 30. Re6 Qd4 31. Re7 Ne4 32. Rf1 Qf6 33. Rd7 Qh4 0-1